<?xml version="1.0" encoding="UTF-8"?>
<marc:record xmlns:marc="http://www.loc.gov/MARC21/slim" type="Bibliographic">
   <marc:leader>00000pam a2200000 c 4500</marc:leader>
   <marc:controlfield tag="001">971054347</marc:controlfield>
   <marc:controlfield tag="003">DE-101</marc:controlfield>
   <marc:controlfield tag="005">20171203161247.0</marc:controlfield>
   <marc:controlfield tag="007">tu</marc:controlfield>
   <marc:controlfield tag="008">040504s2004    gw ||||| |||| 00||||ger  </marc:controlfield>
   <marc:datafield ind1=" " ind2=" " tag="015">
      <marc:subfield code="a">05,A04,0278</marc:subfield>
      <marc:subfield code="z">04,N22,1799</marc:subfield>
      <marc:subfield code="2">dnb</marc:subfield>
   </marc:datafield>
   <marc:datafield ind1="7" ind2=" " tag="016">
      <marc:subfield code="2">DE-101</marc:subfield>
      <marc:subfield code="a">971054347</marc:subfield>
   </marc:datafield>
   <marc:datafield ind1=" " ind2=" " tag="020">
      <marc:subfield code="a">9783216307347</marc:subfield>
      <marc:subfield code="c">Pp. : EUR 25.60</marc:subfield>
      <marc:subfield code="9">978-3-216-30734-7</marc:subfield>
   </marc:datafield>
   <marc:datafield ind1=" " ind2=" " tag="020">
      <marc:subfield code="a">3216307344</marc:subfield>
      <marc:subfield code="c">Pp. : EUR 25.60</marc:subfield>
      <marc:subfield code="9">3-216-30734-4</marc:subfield>
   </marc:datafield>
   <marc:datafield ind1="3" ind2=" " tag="024">
      <marc:subfield code="a">9783216307347</marc:subfield>
   </marc:datafield>
   <marc:datafield ind1=" " ind2=" " tag="035">
      <marc:subfield code="a">(DE-599)DNB971054347</marc:subfield>
   </marc:datafield>
   <marc:datafield ind1=" " ind2=" " tag="035">
      <marc:subfield code="a">(OCoLC)76510411</marc:subfield>
   </marc:datafield>
   <marc:datafield ind1=" " ind2=" " tag="040">
      <marc:subfield code="a">1145</marc:subfield>
      <marc:subfield code="b">ger</marc:subfield>
      <marc:subfield code="c">DE-101</marc:subfield>
      <marc:subfield code="d">9999</marc:subfield>
   </marc:datafield>
   <marc:datafield ind1=" " ind2=" " tag="041">
      <marc:subfield code="a">ger</marc:subfield>
      <marc:subfield code="h">eng</marc:subfield>
   </marc:datafield>
   <marc:datafield ind1=" " ind2=" " tag="044">
      <marc:subfield code="c">XA-DE</marc:subfield>
   </marc:datafield>
   <marc:datafield ind1="7" ind2="4" tag="082">
      <marc:subfield code="a">330</marc:subfield>
      <marc:subfield code="q">DE-101</marc:subfield>
      <marc:subfield code="2">22sdnb</marc:subfield>
   </marc:datafield>
   <marc:datafield ind1=" " ind2=" " tag="090">
      <marc:subfield code="a">b</marc:subfield>
   </marc:datafield>
   <marc:datafield ind1="1" ind2=" " tag="100">
      <marc:subfield code="0">(DE-588)115609067</marc:subfield>
      <marc:subfield code="0">http://d-nb.info/gnd/115609067</marc:subfield>
      <marc:subfield code="0">(DE-101)115609067</marc:subfield>
      <marc:subfield code="a">Morton, Frederic</marc:subfield>
      <marc:subfield code="d">1924-2015</marc:subfield>
      <marc:subfield code="e">Verfasser</marc:subfield>
      <marc:subfield code="4">aut</marc:subfield>
   </marc:datafield>
   <marc:datafield ind1="0" ind2="0" tag="245">
      <marc:subfield code="a">&#x98;Die&#x9c; Rothschilds</marc:subfield>
      <marc:subfield code="b">Porträt einer Dynastie</marc:subfield>
      <marc:subfield code="c">Frederic Morton. Aus dem Amerikan. von Hans Lamm und Paul Stein. Aktualisiert von Michael Freund</marc:subfield>
   </marc:datafield>
   <marc:datafield ind1=" " ind2="1" tag="264">
      <marc:subfield code="a">Wien</marc:subfield>
      <marc:subfield code="a">München</marc:subfield>
      <marc:subfield code="b">Deuticke</marc:subfield>
      <marc:subfield code="c">2004</marc:subfield>
   </marc:datafield>
   <marc:datafield ind1=" " ind2=" " tag="300">
      <marc:subfield code="a">342 S.</marc:subfield>
      <marc:subfield code="b">Ill.</marc:subfield>
      <marc:subfield code="c">22 cm</marc:subfield>
      <marc:subfield code="e">Beil. (1 Bl.)</marc:subfield>
   </marc:datafield>
   <marc:datafield ind1=" " ind2=" " tag="336">
      <marc:subfield code="a">Text</marc:subfield>
      <marc:subfield code="b">txt</marc:subfield>
      <marc:subfield code="2">rdacontent</marc:subfield>
   </marc:datafield>
   <marc:datafield ind1=" " ind2=" " tag="337">
      <marc:subfield code="a">ohne Hilfsmittel zu benutzen</marc:subfield>
      <marc:subfield code="b">n</marc:subfield>
      <marc:subfield code="2">rdamedia</marc:subfield>
   </marc:datafield>
   <marc:datafield ind1=" " ind2=" " tag="338">
      <marc:subfield code="a">Band</marc:subfield>
      <marc:subfield code="b">nc</marc:subfield>
      <marc:subfield code="2">rdacarrier</marc:subfield>
   </marc:datafield>
   <marc:datafield ind1=" " ind2=" " tag="500">
      <marc:subfield code="a">Literaturverz. S. 322 - 326</marc:subfield>
   </marc:datafield>
   <marc:datafield ind1=" " ind2=" " tag="520">
      <marc:subfield code="a">Die Rothschilds zählen seit 200 Jahren zu den reichsten und angesehensten Familien der Welt. Mayer Amschel Rothschild (1744-1812), der Begründer der Rothschild-Dynastie, wirkte als Textilkleinhändler und Geldwechsler in Frankfurt, bis er sich durch geschickte Münzgeschäfte das Vertrauen eines der reichsten Fürsten verschaffte und als dessen Erbe eingesetzt wurde. Der Grundstein war gelegt, die Wirren der napoleonischen Zeit trugen zum Aufstieg vom Geldwechsler zum Bankenbesitzer bei. Seine Söhne gingen ins Ausland und begründeten Banken in London, Paris, Wien und Neapel. Als Bankiers der Kaiser und Könige, als Freunde und Helfer der großen Staatsmänner haben die Rothschilds entscheidenden Einfluss auf die Politik genommen, Kriege verhindert und Streitigkeiten beigelegt. Sie waren und sind bedeutende Philanthropen, Mäzene und Sammler, und einige von ihnen haben als Künstler oder Forscher Hervorragendes geleistet. Die Rothschilds faszinierten seit jeher durch die Einzigartigkeit der Erfolgsstory - ein ausgezeichneter Geschäftssinn, ihr Engagement für die jüdische Gemeinde, Förderung von Kunst und nicht zuletzt ihr luxuriöser Lebensstil machen das Bild dieser Dynastie aus. Frederic Morton hat seine erstmals 1962 erschienene Erfolgsbiografie neu überarbeitet.</marc:subfield>
   </marc:datafield>
   <marc:datafield ind1="3" ind2="7" tag="600">
      <marc:subfield code="0">(DE-588)118603272</marc:subfield>
      <marc:subfield code="0">http://d-nb.info/gnd/118603272</marc:subfield>
      <marc:subfield code="0">(DE-101)118603272</marc:subfield>
      <marc:subfield code="a">Rothschild</marc:subfield>
      <marc:subfield code="c">Familie : 1500- : Frankfurt am Main</marc:subfield>
      <marc:subfield code="2">gnd</marc:subfield>
   </marc:datafield>
   <marc:datafield ind1=" " ind2="7" tag="648">
      <marc:subfield code="a">Geschichte</marc:subfield>
      <marc:subfield code="2">gnd</marc:subfield>
   </marc:datafield>
   <marc:datafield ind1=" " ind2=" " tag="653">
      <marc:subfield code="a">(VLB-FS)Rothschilds</marc:subfield>
   </marc:datafield>
   <marc:datafield ind1=" " ind2=" " tag="653">
      <marc:subfield code="a">(VLB-FS)Familienbiographie</marc:subfield>
   </marc:datafield>
   <marc:datafield ind1=" " ind2=" " tag="653">
      <marc:subfield code="a">(VLB-PF)BB: Gebunden</marc:subfield>
   </marc:datafield>
   <marc:datafield ind1=" " ind2=" " tag="653">
      <marc:subfield code="a">(VLB-WI)1: Hardcover, Softcover, Karte</marc:subfield>
   </marc:datafield>
   <marc:datafield ind1=" " ind2=" " tag="653">
      <marc:subfield code="a">(VLB-WG)160: Belletristik / Briefe, Tagebücher, Biografien</marc:subfield>
   </marc:datafield>
   <marc:datafield ind1="0" ind2="0" tag="689">
      <marc:subfield code="0">(DE-588)118603272</marc:subfield>
      <marc:subfield code="0">http://d-nb.info/gnd/118603272</marc:subfield>
      <marc:subfield code="0">(DE-101)118603272</marc:subfield>
      <marc:subfield code="D">p</marc:subfield>
      <marc:subfield code="a">Rothschild</marc:subfield>
      <marc:subfield code="c">Familie : 1500- : Frankfurt am Main</marc:subfield>
   </marc:datafield>
   <marc:datafield ind1="0" ind2="1" tag="689">
      <marc:subfield code="A">z</marc:subfield>
      <marc:subfield code="a">Geschichte</marc:subfield>
   </marc:datafield>
   <marc:datafield ind1="0" ind2=" " tag="689">
      <marc:subfield code="5">DE-101</marc:subfield>
      <marc:subfield code="5">DE-101</marc:subfield>
   </marc:datafield>
   <marc:datafield ind1="1" ind2=" " tag="700">
      <marc:subfield code="0">(DE-588)101567219</marc:subfield>
      <marc:subfield code="0">http://d-nb.info/gnd/101567219</marc:subfield>
      <marc:subfield code="0">(DE-101)101567219</marc:subfield>
      <marc:subfield code="a">Freund, Michael</marc:subfield>
      <marc:subfield code="e">Mitwirkender</marc:subfield>
      <marc:subfield code="4">ctb</marc:subfield>
   </marc:datafield>
   <marc:datafield ind1="1" ind2="2" tag="700">
      <marc:subfield code="a">Morton, Frederic</marc:subfield>
      <marc:subfield code="d">1924-2015</marc:subfield>
      <marc:subfield code="t">&#x98;The&#x9c; Rothschilds</marc:subfield>
      <marc:subfield code="g">dt.</marc:subfield>
   </marc:datafield>
   <marc:datafield ind1=" " ind2=" " tag="850">
      <marc:subfield code="a">DE-101a</marc:subfield>
      <marc:subfield code="a">DE-101b</marc:subfield>
   </marc:datafield>
   <marc:datafield ind1="r" ind2=" " tag="925">
      <marc:subfield code="a">ra</marc:subfield>
   </marc:datafield>
</marc:record>
